| 000 | 00566nam a2200193 i 4500 | ||
|---|---|---|---|
| 001 | 184444 | ||
| 003 | ES-MaACL | ||
| 005 | 20260623174046.0 | ||
| 008 | 150828s1973 fr |||| | fre d | ||
| 080 | _a821.133.1-31"19" | ||
| 100 | 1 |
_aMalraux, André, _d1901-1976 _975859 |
|
| 245 | 1 | 3 |
_aLa voie royale _b: roman / _cAndré Malraux. |
| 260 |
_aParis : _bBernard Grasset, _c[1973] |
||
| 300 |
_a182 p. ; _c17 cm. |
||
| 490 | 1 |
_aLe livre de poche ; _v86 |
|
| 830 | 0 | 3 |
_aLe livre de poche _v86 _9179656 |
| 852 |
_aES-MaACL _jL-30175 |
||
| 999 |
_c184444 _d184444 |
||